zpět

Detail výsledku týmu

Bledý Úsvit, Český Těšín

Datum a čas kvízu

30 Celkem bodů Celkový počet nahraných bodů na tomto kvízu bez doplňovacích otázek.
2. Pořadí na kvízu Konečné umístění týmu na tomto kvízu.

Zaznamenané odpovědi

# Otázka Odpověď Body Výsledky
1. Jiří Kadeřávek, jeden ze zakla... Piráti 1
2. Jedné 92leté ženě trpící Alzhe... v Číně 0
3. Jak se jmenuje slavný americký... Travis Scott 0
4. Česká obchodní inspekce minulý... Penny Market 1
5. U jednoho umělého jezera byla... u Mostu 1
6. Na hudební téma Přátelství z m... v 18. století 1
7. Jak zní název československého... Přátelé Zeleného údolí 0
8. Zprovoznění sociální sítě Face... B 0
9. Kterým slovem na F označují če... frazém 0
10. V románu Bylo nás pět vzpomíná... Ota (Otakárek) 0